CRC practical handbook of materials selection / (Record no. 61053)
[ view plain ]
| 000 -LEADER | |
|---|---|
| fixed length control field | 01398cam a2200349 a 4500 |
| 001 - CONTROL NUMBER | |
| control field | 4458174 |
| 003 - CONTROL NUMBER IDENTIFIER | |
| control field | NUST-PNEC |
| 005 - DATE AND TIME OF LATEST TRANSACTION | |
| control field | 20170116180713.0 |
| 008 - FIXED-LENGTH DATA ELEMENTS--GENERAL INFORMATION | |
| fixed length control field | 950310s1995 flu f 000 0 eng d |
| 010 ## - LIBRARY OF CONGRESS CONTROL NUMBER | |
| LC control number | 95134783 |
| 020 ## - INTERNATIONAL STANDARD BOOK NUMBER | |
| International Standard Book Number | 0849337097 |
| 035 ## - SYSTEM CONTROL NUMBER | |
| System control number | (OCoLC)32124850 |
| 040 ## - CATALOGING SOURCE | |
| Original cataloging agency | NRRI |
| Transcribing agency | NRRI |
| Modifying agency | DLC |
| 042 ## - AUTHENTICATION CODE | |
| Authentication code | lccopycat |
| 050 00 - LIBRARY OF CONGRESS CALL NUMBER | |
| Classification number | TA403.4 |
| Item number | .S482 1995 |
| 082 00 - DEWEY DECIMAL CLASSIFICATION NUMBER | |
| Classification number | 620.112 SHA |
| 100 1# - MAIN ENTRY--PERSONAL NAME | |
| Personal name | Shackelford, James F. |
| 245 10 - TITLE STATEMENT | |
| Title | CRC practical handbook of materials selection / |
| Statement of responsibility, etc. | James F. Shackelford, William Alexander, Jun S. Park. |
| 246 10 - VARYING FORM OF TITLE | |
| Title proper/short title | Materials selection |
| 260 ## - PUBLICATION, DISTRIBUTION, ETC. | |
| Place of publication, distribution, etc. | Boca Raton : |
| Name of publisher, distributor, etc. | CRC Press, |
| Date of publication, distribution, etc. | c1995. |
| 300 ## - PHYSICAL DESCRIPTION | |
| Extent | xii, 625 p. ; |
| Dimensions | 26 cm. |
| 500 ## - GENERAL NOTE | |
| General note | http://www.amazon.com/CRC-Practical-Handbook-Materials-Selection/dp/0849337097/ref=sr_1_1?s=books&ie=UTF8&qid=1413375145&sr=1-1&keywords=0849337097 |
| 500 ## - GENERAL NOTE | |
| General note | Companion vol. to: CRC materials science and engineering handbook, 2nd ed. |
| 650 #0 - SUBJECT ADDED ENTRY--TOPICAL TERM | |
| Topical term or geographic name entry element | Materials |
| General subdivision | ME |
| -- | Handbooks, manuals, etc. |
| 700 1# - ADDED ENTRY--PERSONAL NAME | |
| Personal name | Alexander, William, |
| Dates associated with a name | 1950 February 13- |
| 700 1# - ADDED ENTRY--PERSONAL NAME | |
| Personal name | Park, Jun S. |
| 740 0# - ADDED ENTRY--UNCONTROLLED RELATED/ANALYTICAL TITLE | |
| Uncontrolled related/analytical title | CRC materials science and engineering handbook, 2nd ed. |
| 856 42 - ELECTRONIC LOCATION AND ACCESS | |
| Materials specified | Publisher description |
| Uniform Resource Identifier | <a href="http://www.loc.gov/catdir/enhancements/fy0744/95134783-d.html">http://www.loc.gov/catdir/enhancements/fy0744/95134783-d.html</a> |
| 906 ## - LOCAL DATA ELEMENT F, LDF (RLIN) | |
| a | 7 |
| b | cbc |
| c | copycat |
| d | 2 |
| e | ncip |
| f | 19 |
| g | y-gencatlg |
| 942 ## - ADDED ENTRY ELEMENTS (KOHA) | |
| Source of classification or shelving scheme | |
| Koha item type | Book |
| Withdrawn status | Lost status | Source of classification or shelving scheme | Damaged status | Not for loan | Permanent Location | Current Location | Shelving location | Date acquired | Source of acquisition | Cost, normal purchase price | Total Checkouts | Full call number | Barcode | Date last seen | Cost, replacement price | Price effective from | Koha item type |
|---|---|---|---|---|---|---|---|---|---|---|---|---|---|---|---|---|---|
| Pakistan Navy Engineering College (PNEC) | Pakistan Navy Engineering College (PNEC) | Reference | 02/12/2000 | Paramount Publishing Enterprise | 11048.00 | 620.112 SHA | PNECLIB-022767 | 10/15/2014 | 11048.00 | 02/12/2000 | Book |
